LEADER 01851nam a2200337 u 4500 001 000000105685 003 CaOOAMICUS 005 20081007163145.0 008 070615s2006 ne u000 u fre u 020 $a90-04-14543-5 040 $aPUL$bita$dLDB 245 03$aLa sécurité alimentaire =Food security and food safety /$cpublié sous la direction de = edited by Ahmed Mahiou, Francis Snyder. 246 31$aFood security and food safety 260 $aLeiden ;$aBoston :$bMartinus Nijhoff Publishers,$c2006. 300 $axlv, 933 p. ;$c26 cm 490 1 $aLivres de droit de l'Académie (La Haye) 490 1 $aLaw books of the Academy (The Hague) 500 $aIn testa al front. : Académie de droit international de La Haye = Hague Academy of international law. 650 14$aAlimentazione$xDiritto internazionale.$0(OLS)http://pul/subject/33350 700 1 $aSnyder, Francis G.$0(OLS)http://pul/name/29561 700 1 $aMahiou, Ahmed,$d1936-$0(OLS)http://pul/name/60522 710 2 $aHague Academy of International Law.$bCentre for studies and research in international law and international relations.$0(OLS)http://pul/name/36351 830 0$aLivres de droit de l'Académie (La Haye).$0(OLS)http://pul/title/105359 830 0$aLaw books of the Academy (The Hague).$0(OLS)http://pul/title/142484 850 $aPUL 852 $aPUL$W1$xSL Diritto e Scienze Sociali 3$y79$m300 A 11.2.8$j128309$qDDC 21$B118354$CPULBib$Z2$F118354 $H101829 $82 941 1 $a9 996 $6020$a90-04-14543-5$9(OLS)http://pul/number/134873 996 $6246$aFood security and food safety$9(OLS)http://pul/title/133035 996 $6245$aLa sécurité alimentaire =Food security and food safety$9(OLS)http://pul/title/133034 996 $6260$aLeiden ;$aBoston :$bMartinus Nijhoff Publishers$9(OLS)http://pul/publisher/76117 LEADER 01231nam a2200289 u 4500 001 000000159588 003 CaOOAMICUS 005 20170321172050.0 008 170321s2014 it u000 u ita u 020 $a8837215568 032 $aLibriCat 035 $a10850456 040 $aPUL$bita 100 1 $aCaprioli, Adriano.$0(OLS)http://pul/name/10240 245 10$aMontini alla scuola di Agostino e Ambrogio :$bchiamati alla santità /$ca cura di Adriano Caprioli. 260 $aBrescia :$bMorcelliana,$c2014. 300 $aXIII, 127 p. ;$c23 cm 490 1 $aQuaderni della "Gazzada" ;$v32 504 $aBibliografia in nota. 600 04$aPaulus PP.$bVI, s.,$d1897-1978$xCritica e interpretazione.$0(OLS)http://pul/subject/23362 830 0$aQuaderni della Gazzada ;$v32.$0(OLS)http://pul/title/11960 850 $aPUL 852 $aPUL$W1$xFondo C.V.II$y119$mBIO 28$j185054$qFondi$B188250$CPULBib$Z2$F188250 $HCVII179 $81 996 $6020$a8837215568$9(OLS)http://pul/number/62056 996 $6245$aMontini alla scuola di Agostino e Ambrogio :$bchiamati alla santità$9(OLS)http://pul/title/199215 996 $6260$aBrescia :$bMorcelliana$9(OLS)http://pul/publisher/47854